00634nam a2200193Ia 4500008004100000020001400041082001600055100002200071245004100093250000700134260004500141300002700186500001900213600002100232650005000253942000700303952011500310999001500425240925s9999 xx 000 0 und d a136799035 a005.447 GON aGoncalves, Marcus 0aWindows NT4.0 Server: security guide aNA aNew Jersey:bPrintice- Hall Int.c,1998. axx,399p.bNAfOriginal aIncludes Index aComputer Science aComputer science, information & general works cBK 001040708CSaUITUbUITUd2000-03-06eNAg495.00l0o005.447 GONpQ2503r2024-09-25 07:12:49w2024-09-25yBK c5002d5002